000
00307nam a22001337a 4500
008
181029b xxu||||| |||| 00| 0 eng d
020
_a
9780863882159
041
_a
eng
080
_a
316
100
_a
50
101
_a
SOC
245
_a
Counselling with Reality Therapy
_c
Wubbolding, R.E
942
_2
udc
_c
BK
999
_c
51031
_d
51031